000 01201nam a22002537a 4500
001 7994
003 FISKH
005 20250818104509.0
008 250818b cb ||||| |||| 00| 0 eng d
020 _a9780099204718
040 _aFISKH
_beng
_cFISKH
_dFISKH
082 _a823.914
100 _aDann, Colin
245 _a The adventures of Mole :
_bThe animals of farthing wood /
_c Colin Dann
260 _aLondon :
_bRed Fox,
_c1992.
300 _a28 unnumbered pages :
_b color illustrations ;
_c16 cm
500 _a
505 _aK
520 _aMole grows tired of spring cleaning and decides to leave his underground home to explore the outside world. For the first time, he sees the river and meets Rat, who teaches him about boating and the joys of river life. Together, they become close friends and go on adventures, sometimes visiting Toad, who is reckless and obsessed with new fads, like motorcars, and Badger, who is wise and reclusive. Mole learns about bravery, friendship, and responsibility as he helps his friends rescue Toad from trouble and reclaim Toad Hall.
521 8 _a510
_bLexile estimate
521 8 _aK
_bRaz-Plus
942 _2ddc
_cBK
_n0
999 _c7994
_d7994